Απομνημονεύματα Μακρυγιάννη

Αποθηκεύτηκε σε:
Λεπτομέρειες βιβλιογραφικής εγγραφής
Κύριος συγγραφέας: Μακρυγιάννης, Ιωάννης, 1797-1864
Άλλοι συγγραφείς: Βλαχογιάννης, Γιάννης, 1867-1945 (Συγγραφέας εισαγωγής κ.λπ.)
Μορφή: Βιβλίο
Γλώσσα:Greek
Δημοσίευση: Αθήνα : Βεργίνα, [μεταξύ 1950 και 1970]
Θέματα:
Ετικέτες: Προσθήκη ετικέτας
Δεν υπάρχουν, Καταχωρήστε ετικέτα πρώτοι!

MARC

LEADER 00000cam a2200000 a 4500
001 1/124897
008 220518q19501970gr | ||| |||| ||gre||
040 |a GR-MyUa  |b gre  |c GR-MyUa  |e AACR2 
041 0 |a gre 
082 7 |a 938.509   |2 (23) 
100 1 |a Μακρυγιάννης, Ιωάννης,   |d 1797-1864. 
245 1 0 |a Απομνημονεύματα Μακρυγιάννη /   |c πρόλογος και εισαγωγή Ι. Βλαχογιάννη. 
246 1 |i Τίτλος εξωφύλλου:   |a Στρατηγού Μακρυγιάννη απομνημονεύματα 
260 |a Αθήνα :   |b Βεργίνα,   |c [μεταξύ 1950 και 1970] 
300 |a  τ. ;   |c 24 εκ. 
504 |a Περιλαμβάνει βιβλιογραφικές παραπομπές. 
651 0 |a Greece  |x History  |y War of Independence, 1821-1829  |x Sources. 
700 1 |a Βλαχογιάννης, Γιάννης,   |d 1867-1945,  |e aui 
970 |a Κοντού  |b Παρασκευή  |z 18/05/2022